000 01016nam a2200301 a 4500
001 vtls001198994
003 NLI
005 20210603160215.0
008 120328s1952 ii a f001 0 eng d
039 9 _y201203281825
_zVLOAD
040 _a NLI
_b eng
_c Entertech IMP - 2012
_e AACR2
041 0 _aeng
044 _aii
084 _a132 H 375
100 1 _aBanerjea, J. C.
_9635614
245 1 0 _aA handbook ofb tropical diseases :
_bwith treatment and prescriptions /
_cJ. C. Banerjea and P.B. Bhattacharya,edited by J. B. Chatterjee
250 _a5th.ed
260 _aCalcutta :
_bU. N. Dhur ,
_c1952
300 _axii, 536:
_bill. ;
_c22 cm.
700 1 _aBhattacharya, P.B,
_4jt.aut
_926943
700 _aChatterjee, J. B.
_4edt.
_9635615
887 _a
901 _a305304:
_b06.08.1955
902 _a132 H 375
942 _2ddc
_cBKS
949 _AVIRTUAITEM
_D10000
_X100
_6IMP000305304ENG
999 _aVIRTUA
_c487571
_d487571
999 _aVTLSSORT0080*0400*0410*0440*0840*1000*2450*2500*2600*3000*7000*7001*9010*9020*9490*9991